Statistics for Toyota Models That Starts with 'C'

Click here to take the quiz!

General Stats

  • This quiz has been taken 12 times
  • The average score is 6 of 25

Answer Stats

HintAnswer% Correct
CompactCorolla
100%
Midsize sedanCamry
90%
CrossoverC-HR
60%
Fullsize sedanCrown
60%
Luxury saloonCentury
50%
Midsize sedanCorona
50%
CompactCarina
30%
SportCelica
30%
Midsize sedanChaser
30%
CrossoverCorolla Cross
30%
Midsize sedanCressida
30%
Midsize sedanCresta
20%
WagonCaldina
10%
Luxury saloonCelsior
10%
Sport KeiCopen
10%
TaxiCrown Comfort
10%
Fullsize sedanCrown Majesta
10%
Compact MPVCalya
0%
WagonCarina Surf
0%
CompactCorolla Ceres
0%
CoupeCorolla Levin / Sprinter
0%
Compact MPVCorolla Spacio / Verso
0%
CompactCorsa / Tercel
0%
SportCurren
0%
CoupeCynos / Paseo
0%

Score Distribution

Percentile by Number Answered

Percent of People with Each Score

Your Score History

You have not taken this quiz